| 000 | 01322cab a2200181 4500 | ||
|---|---|---|---|
| 001 | L130039 | ||
| 008 | 050617n2005 000 0 eng u | ||
| 035 | _a(Sirsi) u130039 | ||
| 041 | _aeng | ||
| 100 | _aGillman, Susanna | ||
| 245 | _aImpact of art earns wider appreciation | ||
| 260 | _c2005 | ||
| 490 |
_aPlanning (for the Natural and Built Environment) _v(1623) 10 June 2005, 14-15(2) |
||
| 520 | _aDiscusses how the installation of artworks in buildings and public spaces as part of major schemes can benefit developers as well as local communities. Artists should be involved from the start of a project to create lasting value. Refers to the PROJECT awards, a national funding scheme set up in 2004 to create a shared vision of public space and high-quality urban design, which engages artists in the built environment. Looks at other current sources of funding for public artworks including the Percent for Art policy. Highlights Art at the Centre in Reading, where artists have been given a prominent role in the city's regeneration process. Concludes that developers should not see the provision of artworks as an additional levy but integral to the design process with costs being brought in at the beginning of projects. | ||
| 590 | _aIKA210605 | ||
| 690 |
_aPlanning and development _96259 |
||
| 942 | _n0 | ||
| 999 |
_c75411 _d75411 |
||